000 00548nam a22001697a 4500
005 20220424213646.0
008 220424b ||||| |||| 00| 0 eng d
020 _a97899729031551
040 _cCAAAP
041 _aspa
050 _aGN44.P4
_bA59
245 0 0 _aLa antropología ante el Perú de hoy:
_bBalances regionales y antropologías latinoamericanas/
_cAlejandro Diez Hurtado, editor
260 _aLima:
_bPUCP. CISEPA,
_c2008
300 _a280 p.;
_c26 cm.
650 0 _92583
_aAntropología
_vCongresos
_zPerú
942 _2lcc
_bDD - MM - AA
_cBK
999 _c3833
_d3833